Organizational behavior (Record no. 2914)

MARC details
000 -LEADER
fixed length control field 00532nam a2200157 4500
020 ## - INTERNATIONAL STANDARD BOOK NUMBER
ISBN 9780072866582
050 ## - CALL NUMBER
Classification number HD58
Item number .7.K66
100 ## - AUTHOR
Personal name Robert Kreitner; Angelo Kinicki
245 ## - TITLE
Title Organizational behavior
250 ## - EDITION
Edition statement 6th ed.
260 ## - PUBLICATION INFORMATION
Place of publication Boston :
Name of publisher McGraw Hill/Irwin,
Year of publication 2004.
300 ## - DESCRIPTION
Number of Pages xxix, 126 p.
Other physical details ill,
Dimensions 26 cm.
500 ## - NOTES
General note Includes index.
505 ## - FORMATTED CONTENTS NOTE
Table of Content The world of organizational behavior. --<br/>Individual behavior in organizations. --<br/>Group and social processes. --<br/>Organizational processes.
942 ## - ADDED ENTRY ELEMENTS (KOHA)
Koha item type Books
Holdings
Withdrawn status Lost status Home library Current library Shelving location Date acquired Full call number Accession Number Koha item type
    Methodist University Library Tema Methodist University Library Tema General Stacks 27/03/2006 HD58 .7.K66 22702 Books
Copyright © 2026  MUG Library